Industrial Science Present and Future

Gardado en:
Detalles Bibliográficos
Autor Principal: Christman, Ruth C.
Formato: Libro
Idioma:Undetermined
Publicado: Freeport Books for Libraries Press 1969
Những chủ đề:
Các nhãn: Engadir etiqueta
Sen Etiquetas, Sexa o primeiro en etiquetar este rexistro!
Thư viện lưu trữ: Trung tâm Học liệu Trường Đại học Cần Thơ
LEADER 00515nam a2200193Ia 4500
001 CTU_85164
008 210402s9999 xx 000 0 und d
082 |a 600 
082 |b C554 
100 |a Christman, Ruth C. 
245 0 |a Industrial Science Present and Future 
245 0 |c Ruth C. Christman 
260 |a Freeport 
260 |b Books for Libraries Press 
260 |c 1969 
650 |a Industries 
650 |z United states 
904 |i Năm 
980 |a Trung tâm Học liệu Trường Đại học Cần Thơ